1132 1661 1543 1934 1908 1122 1263 1429 1281 1008 1711 1315 1656 1060 1100 1579 1891 1229 1314 1222 1557 1179 1281 1316 1378 1567 1126 1350 1294 1721 1930 1628 1540 1254 1021 1075 1822 1399 1864 1665 1040 1330 1114 1950 1091 1805 1971 1842 1290 1364 1572 1890 1695 1497 1003 1800 1394 1211 1812 1919 1830 1924 1155 1310 1861 1757 1115 1827 1936 1369 1486 1984 1299 1390 1354 1013 1031 1985 1702 1632 1970 1997 1036 1896 1146 1912 1432 1513 1090 1842 1210 1629 1792 1428 1908 1057 1449 1963 1877 BCNSPRNW ULIB Ver.6.0+V

เปลี่ยนเป็นภาษาไทย

Change to English
 แสดงรายละเอียดบรรณานุกรม
  กลับหน้าหลัก

Brief Record : Get Marc (ISO 2709) : E-mail record : QR code < ปิดหน้าต่าง
LEADER : 00000nam 2200000uu 4500
001    13399108200
003     ULIB
008    110221s2552||||th 000 0 tha d
020    9786167183022
060  4 WJ300^bท187ร 2552
100 0  ทวี ศิริวงศ์
245 10 โรคไตทางคลินิก=^bClinical Nephrology/^cทวี ศิริวงศ์
246 31 Clinical Nephrology
250    พิมพ์ครั้งที่ 1
260    ขอนแก่น:^bมหาวิทยาลัยขอนแก่น,^c2552
300    191 หน้า
650  7 โรคไตทางคลินิก
650  7 โรคไต
710 2  มหาวิทยาลัยขอนแก่น^bคณะแพทย์ศาสตร์^bภาควิชาอายุรศาสตร์^bสาขาวิชาโรคไต
945    ^p0^l0^i028782
945    ^p0^l0^i028783
945    ^p0^l0^i028781
995    ทศพร
999 ^a ใช้งานได้ทุกระบบ
รายการนี้ยังไม่มีแท็ก
คุณยังไม่ได้ล็อกอิน คุณสามารถมีกิจกรรมร่วมกับเว็บไซต์ได้ แต่ต้องล็อกอินก่อน ::
  ล็อกอิน

รายการสื่อสารสนเทศ

ลำดับที่ ประเภท เลขเรียก/บาร์โค้ด สถานที่ สถานะ
- ไม่พบข้อมูล -

รายการใกล้เคียง
    ผู้แต่ง [ทวี ศิริวงศ์]

    หัวเรื่อง [โรคไตทางคลินิก]
    หัวเรื่อง [โรคไต]

BibComment


ยังไม่เคยถูกคอมเมนท์

คอมเมนท์ทรัพยากรรายการนี้
  คอมเมนท์: โรคไตทางคลินิก Cl..


 Copyright 2026. Bcnsprnw @Library